| 000 | 00837nam a22002177a 4500 | ||
|---|---|---|---|
| 005 | 2012032803343.0 | ||
| 008 | 120328s2011 ua|||||r|||| 00| 0 ara d | ||
| 020 | _a9789770929496 | ||
| 082 |
_222 _a320.962 _bب ش ر |
||
| 100 |
_916307 _aالبشرى ، طارق |
||
| 245 |
_aالدولة والكنيسة / _cطارق البشرى. |
||
| 250 | _aط. 1. | ||
| 260 |
_aالقاهرة : _bدار الشروق، _c2011. |
||
| 300 |
_a103 ص. ؛ _c24 سم. |
||
| 504 | _aيشتمل على ارجاعات ببليوجرافية. | ||
| 650 |
_929489 _aالاقباط _zمصر |
||
| 650 |
_929490 _aالدولة والكنيسة |
||
| 653 |
_bAra _cMarch2012 |
||
| 942 |
_2ddc _cBB |
||
| 999 |
_c16613 _d16613 |
||